[Event "ICS rated blitz match"]
[Site "204.178.125.65"]
[Date "1999.08.05"]
[Round "?"]
[White "Hossa"]
[Black "MissSilicon"]
[Result "0-1"]
[WhiteElo "2430"]
[BlackElo "2594"]
[Annotator "Fritz 5.32 (19s)"]
[PlyCount "170"]
[EventDate "1999.??.??"]

1. d4 Nf6 2. c4 e5 3. dxe5 Ng4 4. Nf3 Bc5 5. e3 Nc6 6. Be2 O-O 7. O-O Ngxe5 8.
Nxe5 (8. Nc3 d6 9. b3 Bf5 10. Nxe5 dxe5 11. Bb2 Qg5 12. Bf3 Rad8 13. Bd5 Nb4
14. Qf3 c6 15. Ne4 Bxe4 16. Bxe4 f5 17. Bb1 e4 18. Qe2 Rd6 19. a3 Nd3 20. b4
Rg6 21. g3 Nxb2 22. Qxb2 22... Be7 {
Rijsterborgh,R-Van Ginkel,J/U20 open, Hengelo NED 1997/1-0 (43)}) 8... Nxe5 9.
a3 $146 (9. Nc3 Re8 10. Kh1 (10. b3 a5 11. Na4 (11. Ne4 Bf8 12. Ng3 Ra6 13. f4
Rd6 14. Qe1 Nd3 15. Bxd3 Rxd3 16. Qe2 Rd6 17. Ba3 Rh6 18. Bxf8 {
- Lassila,E-Raaste,E/ch-FIN, Helsinki (5) 1996 (18)}) 11... Bf8 12. Bb2 Ra6 13.
f4 Rd6 14. Qb1 Nc6 15. e4 Rd2 16. Bf3 Nd4 17. Bc3 Nxf3+ 18. Rxf3 Rd6 19. e5 Rh6
20. Bxa5 b6 21. Bd2 Bb7 22. Rg3 d6 23. Qd3 dxe5 24. fxe5 Qxd3 25. Rxd3 Rg6 26.
g3 Rxe5 27. Re1 Rxe1+ 28. Bxe1 Re6 29. Kf1 f5 30. Bd2 Bd6 31. Nc3 31... Kf7 {
- Douven,R-Bosch,J/ch-NED sf, Enschede (4) 1995 (31)}) 10... b6 11. f4 Nc6 12.
Bd3 Re6 13. e4 Rh6 14. g3 f5 15. exf5 Bb7 16. Be4 Qc8 17. Bd5+ Kh8 18. Ne4 Ne7
19. Nxc5 bxc5 20. Bxb7 Qxb7+ 21. Qf3 Qxf3+ 22. Rxf3 Nxf5 23. Rd3 Re8 24. Bd2
Re2 25. Re1 Rhxh2+ 26. Kg1 Rhg2+ 27. Kh1 Rh2+ 28. Kg1 {
- Blazquez,D-Blasco,R/op, Las Palmas (3) 1995 (28)}) 9... d6 10. b4 Bb6 11. Bb2
Qg5 12. c5 Bh3 13. g3 Bxf1 14. Qxf1 dxc5 15. bxc5 Bxc5 16. f4 Bxe3+ 17. Kh1 Qd8
18. fxe5 Qg5 19. Bc4 Rad8 20. a4 Qg6 21. Be2 Qc2 22. Ra3 Bb6 23. Ba1 Qc5 24.
Rf3 Qc6 25. Bb5 Qc2 26. Na3 Qe4 27. Bc3 Bc5 28. Nb1 Qc2 29. Bd3 Qxa4 30. Nd2 h6
31. Qb1 a6 32. Bc2 Qb5 33. Qxb5 $19 (33. Qe1 Qc6 34. Be4 34... Qb6 $17) 33...
axb5 34. Nb3 (34. Ne4 34... Be7 $19) 34... Be7 35. Nd4 (35. Bd3 b4 36. Bb2
36... c5 $19) 35... b4 36. Bb2 Rd5 37. e6 (37. Kg2 c5 38. Nf5 38... Bg5 $19)
37... fxe6 38. Rxf8+ Bxf8 39. Bb3 Re5 40. Bxe6+ Kh8 41. Ba2 Bc5 42. Nc2 Rf5 (
42... Re2 $142 {liesse Weiss keine Chance} 43. Bb3 43... Ba7 $19) 43. Bd4 Rf1+
44. Kg2 Rc1 45. Bb3 Rxc2+ (45... Bxd4 46. Nxd4 Rc3 47. Be6 $19) 46. Bxc2 Bxd4
47. Kf3 Bb2 (47... c5 48. Ke4 $19) 48. Be4 b6 49. Bc6 Ba3 50. Ke2 b3 51. Kd3
Bb4 52. Be4 b5 53. Bc6 b2 54. Kc2 Bc3 55. Bxb5 c5 56. h4 Kg8 57. Bd3 Bd4 58.
Bc4+ Kf8 59. Kb1 (59. g4 59... Ke7 $19) 59... Ke7 (59... h5 60. Be2 $19) 60. h5
(60. g4 60... g6 $17) 60... Kf6 61. Bd3 Ke6 (61... Kg5 62. Be2 $19) 62. Bc4+
Kf5 63. Be2 Ke4 64. g4 Kd5 65. Bf3+ Ke5 66. Be2 Kf4 67. Kc2 g5 68. hxg6 Kg5 69.
Bd3 (69. Kb1 Kxg6 70. Bc4 70... Kg5 $19) 69... Kxg4 70. Kb3 h5 71. Ka2 (71. Kc2
{hilft auch nicht mehr} 71... h4 $19) 71... h4 72. Bc4 h3 73. Be6+ Kg3 74. g7 (
74. Bd5 {holt die Kuh nicht vom Eis} 74... h2 $19) 74... Bxg7 75. Bd5 Kf2 76.
Kb1 h2 77. Kc2 c4 78. Bc6 c3 79. Bd5 79... Ke2 {Droht entscheidend b1Q} 80. Bg2
b1=Q+ 81. Kxb1 81... Kd2 {Mit der Mattdrohung c2} 82. Ka2 82... c2 {Droht Matt}
83. Kb3 83... c1=Q {Es droht Matt} 84. Bf3 (84. Ba8 {nuetzt auch nichts mehr}
84... Bf8 85. Be4 Qc3+ 86. Ka2 Bg7 87. Kb1 Qb2#) 84... Bf8 85. Be2 (85. Be4 {
aendert nichts am Ausgang der Partie} 85... Qc3+ 86. Ka2 Bg7 87. Kb1 Qb2#)
85... Qc2# 0-1

[Event "ICS rated blitz match"]
[Site "204.178.125.65"]
[Date "1999.08.05"]
[Round "?"]
[White "Sandbagger187"]
[Black "Hossa"]
[Result "0-1"]
[WhiteElo "2049"]
[BlackElo "2421"]
[PlyCount "40"]
[EventDate "1999.??.??"]

1. e4 c5 2. Nf3 e6 3. d4 cxd4 4. Nxd4 d5 5. Bb5+ Bd7 6. exd5 exd5 7. O-O Bc5 8.
Nc3 Ne7 9. Bg5 Bxb5 10. Ncxb5 Nbc6 11. Re1 O-O 12. Qg4 Qc8 13. Qh4 Ng6 14. Qg3
Nxd4 15. Nxd4 Bxd4 16. c3 Bc5 17. Rad1 Qf5 18. h4 Rae8 19. h5 Ne5 20. Bf4 20...
Ng4 {Sandbagger187 resigns} 0-1

[Event "ICS rated blitz match"]
[Site "204.178.125.65"]
[Date "1999.08.05"]
[Round "?"]
[White "Sandbagger187"]
[Black "Hossa"]
[Result "0-1"]
[WhiteElo "2083"]
[BlackElo "2424"]
[PlyCount "84"]
[EventDate "1999.??.??"]

1. e4 c5 2. Nc3 Nc6 3. g3 g6 4. Bg2 Bg7 5. Nge2 Nh6 6. O-O O-O 7. f4 d6 8. d3
Ng4 9. h3 Nf6 10. g4 Nxg4 11. hxg4 Bxg4 12. Qe1 Nd4 13. Nxd4 cxd4 14. Ne2 Qc8
15. Bf3 Bxf3 16. Rxf3 Qxc2 17. b3 f5 18. Ng3 fxe4 19. Qxe4 Qc3 20. Rb1 Rae8 21.
Ba3 Qa5 22. Bb2 Qxa2 23. Qe6+ Kh8 24. Rff1 Rxf4 25. Qd7 Ref8 26. Qxe7 Rf3 27.
Rxf3 Rxf3 28. Qe8+ Rf8 29. Qe1 Qxb3 30. Qe2 Qb5 31. Rf1 Re8 32. Qd2 Qb3 33. Ne4
d5 34. Nc5 Qb5 35. Rc1 b6 36. Ne6 Rxe6 37. Rc8+ Re8 38. Rxe8+ Qxe8 39. Qb4 Qe3+
40. Kh1 Qxd3 41. Qa4 Qf1+ 42. Kh2 42... Be5# {Sandbagger187 checkmated} 0-1

[Event "ICS rated bullet match"]
[Site "204.178.125.65"]
[Date "1999.08.05"]
[Round "?"]
[White "Hossa"]
[Black "mundilfari"]
[Result "0-1"]
[WhiteElo "2332"]
[BlackElo "2353"]
[Annotator "Fritz 5.32 (17s)"]
[PlyCount "96"]
[EventDate "1999.??.??"]

1. d4 d5 2. c4 e6 3. cxd5 exd5 4. Nc3 c6 5. Bf4 Bd6 6. Bxd6 Qxd6 7. e3 Bf5 8.
Bd3 Bxd3 9. Qxd3 9... Nf6 $146 10. Nge2 Nbd7 11. e4 dxe4 12. Nxe4 Qe7 13. N4c3
O-O 14. O-O Rfe8 15. Rae1 Nb6 16. a3 Rad8 17. b4 Qe6 18. Qc2 Nc4 19. a4 Rxd4
20. Nxd4 Qxe1 21. Nce2 Qxb4 22. Rb1 Qc5 23. Rc1 b5 24. axb5 cxb5 25. Qa2 Ne4
26. Qa6 Ned6 27. Ra1 Re7 28. Rc1 b4 29. Rb1 (29. Nb3 Qe5 30. Ng3 30... Qd5 $19)
29... f6 (29... Qd5 30. Qa1 a5 31. Ng3 $19) 30. Rc1 (30. Ra1 30... Qd5 $19)
30... Qd5 31. Kh1 (31. Kf1 Nd2+ 32. Kg1 32... b3 $19) 31... b3 32. Rb1 b2 33.
Qa2 Nf5 34. Nxf5 Rxe2 35. Nd6 (35. Rg1 $19 {
koennte noch eine geringe Chance darstellen}) 35... Rc2 $1 {
zwingend und schoen. Mit der Mattdrohung Rc1} 36. h4 Qxd6 37. Re1 37... Rc1 {
Es droht Matt} 38. Qb1 Qf4 39. Rd1 Qxh4+ 40. Kg1 Rxb1 (40... Qg5 41. Rxc1
bxc1=R+ 42. Qxc1 Qxc1+ 43. Kh2 Qe1 44. Kg3 g5 45. Kh3 Qh1+ 46. Kg4 Qxg2+ 47.
Kf5 Kf7 48. f3 Qxf3#) 41. Rxb1 41... Qe4 {Droht Matt} 42. Rd1 b1=Q (42... Nd2
$1 $142 {ist genauer} 43. Kh2 $19) 43. Rxb1 Qxb1+ 44. Kh2 44... a5 $19 (44...
Qe1 45. Kg3 g5 46. Kh3 Qh1+ 47. Kg4 Qxg2+ 48. Kf5 Kf7 49. f3 Qxf3#) 45. f4 Qf1
46. Kg3 Ne3 47. f5 (47. Kh4 {aendert den traurigen Lauf der Dinge nicht} 47...
Qxf4+ 48. Kh3 Qg4+ 49. Kh2 Qxg2#) 47... Qxg2+ 48. Kf4 Nd5# 0-1

[Event "ICS Rated blitz match"]
[Site "204.178.125.65"]
[Date "1999.08.05"]
[Round "?"]
[White "Hossa"]
[Black "MissSilicon"]
[Result "0-1"]
[WhiteElo "2428"]
[BlackElo "2581"]
[PlyCount "115"]
[EventDate "1999.??.??"]

1. d4 Nf6 2. c4 g6 3. Nc3 d5 4. cxd5 Nxd5 5. e4 Nxc3 6. bxc3 c5 7. Bb5+ Bd7 8.
Bxd7+ Qxd7 9. Be3 Bg7 10. Ne2 cxd4 11. cxd4 Nc6 12. f3 O-O 13. Rb1 e6 14. O-O
Rfd8 15. Rf2 Bf6 16. Qd3 b6 17. Rd1 Nxd4 18. Bxd4 e5 19. Bxe5 Qxd3 20. Rxd3
Bxe5 21. Rd5 Rxd5 22. exd5 Rd8 23. f4 Bg7 24. f5 Rxd5 25. f6 Rd1+ 26. Rf1 Rxf1+
27. Kxf1 Bxf6 28. h3 Ba1 29. Kf2 f5 30. Kf3 Kf7 31. g3 Ke6 32. a4 g5 33. Ke3
Ke5 34. Nc1 Bd4+ 35. Kf3 Ke6 36. Nb3 Be5 37. Nd2 h5 38. Nc4 g4+ 39. Kg2 Bb8 40.
hxg4 hxg4 41. Ne3 Ke5 42. Nc2 Bd6 43. Ne3 Ke4 44. Nd1 Kd4 45. Nb2 Ba3 46. Nd1
Bc5 47. Kf1 Bd6 48. Kg2 a6 49. Nf2 Ke3 50. Nd1+ Kd2 51. a5 Kxd1 52. axb6 Ke2
53. b7 Bb8 54. Kg1 Bxg3 55. b8=Q Bxb8 56. Kh1 f4 57. Kg1 f3 58. Kh1 {
Hossa resigns} 0-1

[Event "ICS Rated blitz match"]
[Site "204.178.125.65"]
[Date "1999.08.05"]
[Round "?"]
[White "Talmoves"]
[Black "Hossa"]
[Result "1-0"]
[WhiteElo "2624"]
[BlackElo "2419"]
[PlyCount "97"]
[EventDate "1999.??.??"]

1. c4 c6 2. e4 d5 3. exd5 cxd5 4. d4 Nc6 5. cxd5 Qxd5 6. Nf3 e5 7. Nc3 Bb4 8.
Bd2 Bxc3 9. Bxc3 Bg4 10. dxe5 Qe4+ 11. Qe2 Qd5 12. Rd1 Qxa2 13. Qb5 Rd8 14.
Rxd8+ Kxd8 15. Qxb7 Qb1+ 16. Kd2 Bxf3 17. Bb5 Qc2+ 18. Kxc2 Nb4+ 19. Bxb4 Bxb7
20. f3 a6 21. Rd1+ Kc8 22. Bf8 Ne7 23. Bd7+ Kd8 24. Be6+ Kc7 25. Rd7+ Kb6 26.
Rxe7 Rxf8 27. Bxf7 g5 28. Bc4 Rc8 29. Kd3 Rh8 30. Rd7 Bc6 31. Rd6 Rc8 32. Kd4
a5 33. Bd5 Kb5 34. Bxc6+ Rxc6 35. Rxc6 Kxc6 36. g3 h6 37. f4 gxf4 38. gxf4 h5
39. f5 Kc7 40. Kd5 Kd8 41. Ke6 Ke8 42. f6 Kf8 43. h4 a4 44. f7 Kg7 45. Ke7 a3
46. f8=Q+ Kg6 47. Qf6+ Kh7 48. Kf7 axb2 49. Qg7# {Hossa checkmated} 1-0

[Event "ICS Rated blitz match"]
[Site "204.178.125.65"]
[Date "1999.08.05"]
[Round "?"]
[White "Hossa"]
[Black "Talmoves"]
[Result "0-1"]
[WhiteElo "2411"]
[BlackElo "2632"]
[PlyCount "176"]
[EventDate "1999.??.??"]

1. d4 Nf6 2. c4 e6 3. Nc3 Bb4 4. Bg5 h6 5. Bh4 c5 6. d5 d6 7. Rc1 e5 8. f3 Nbd7
9. e4 O-O 10. Bd3 b6 11. Nge2 Ba6 12. O-O Qc8 13. a3 Bxc3 14. Nxc3 Kh8 15. f4
exf4 16. Bxf6 Nxf6 17. Rxf4 Nd7 18. Qe2 Ne5 19. Rcf1 f6 20. b3 Rb8 21. Bb1 Qe8
22. a4 Qg6 23. Nb5 Bxb5 24. axb5 Rbe8 25. Qa2 Rf7 26. Qa6 Rfe7 27. Bc2 Ng4 28.
R4f3 Qh5 29. h3 Ne5 30. Rc3 Qg5 31. Bb1 Ng6 32. Rf2 Qh4 33. Re3 Ne5 34. Qa4 h5
35. Rf5 Nf7 36. b4 Ng5 37. bxc5 Re5 38. Rxe5 fxe5 39. cxd6 Qf4 40. Qa3 Rf8 41.
Rg3 h4 42. Rxg5 Qxg5 43. d7 Qf4 44. Qf3 g5 45. Qd1 Rd8 46. Bd3 Qe3+ 47. Kh1 Kg8
48. Qf1 Qf4 49. Qe1 Rxd7 50. Kg1 Kf8 51. Bc2 Ke8 52. Bd1 Rc7 53. Bb3 Rf7 54.
Ba2 Kd7 55. Bb1 Rf8 56. Bd3 Kd8 57. Bc2 Kc7 58. Bd1 Qc1 59. Qe2 Kd8 60. Kh1 Rf7
61. Kh2 Rf6 62. Kg1 Rf4 63. Qd3 g4 64. hxg4 Rxg4 65. Kf2 Qf4+ 66. Bf3 Rg3 67.
Ke2 h3 68. gxh3 Rxh3 69. Qa3 Rh2+ 70. Kf1 Rh1+ 71. Ke2 Qh2+ 72. Kd3 Rd1+ 73.
Bxd1 Qh3+ 74. Kd2 Qxa3 75. Bc2 Qb2 76. Kd3 Kd7 77. Kd2 Kd6 78. Kd3 Kc5 79. Bd1
Qd4+ 80. Ke2 Kxc4 81. Ke1 Kd3 82. Kf1 Ke3 83. Bh5 Qd2 84. Kg1 Qf2+ 85. Kh1 Qf1+
86. Kh2 Kf2 87. Bf3 Kxf3 88. d6 88... Qg2# {Hossa checkmated} 0-1

[Event "ICS Rated blitz match"]
[Site "204.178.125.65"]
[Date "1999.08.05"]
[Round "?"]
[White "Talmoves"]
[Black "Hossa"]
[Result "1-0"]
[WhiteElo "2639"]
[BlackElo "2404"]
[PlyCount "59"]
[EventDate "1999.??.??"]

1. c4 c6 2. e4 d5 3. exd5 cxd5 4. d4 Nc6 5. cxd5 Qxd5 6. Nf3 e5 7. Nc3 Bb4 8.
Bd2 Bxc3 9. Bxc3 Bg4 10. dxe5 Qe4+ 11. Qe2 Qd5 12. Rd1 Qxa2 13. Qb5 Rd8 14.
Rxd8+ Kxd8 15. Qxb7 Qb1+ 16. Kd2 Nge7 17. e6 Bxe6 18. Ne5 Qf5 19. Nxc6+ Nxc6
20. Qxc6 Qxf2+ 21. Be2 Qf4+ 22. Ke1 Qc1+ 23. Kf2 Qxh1 24. Ba5+ Ke7 25. Qc5+ Ke8
26. Bb5+ Bd7 27. Qe5+ Kf8 28. Bb4+ Kg8 29. Qb8+ Bc8 30. Qxc8# {Hossa checkmated
} 1-0

[Event "ICS Rated bullet match"]
[Site "204.178.125.65"]
[Date "1999.08.05"]
[Round "?"]
[White "JSBach"]
[Black "Hossa"]
[Result "0-1"]
[WhiteElo "2107"]
[BlackElo "2317"]
[PlyCount "162"]
[EventDate "1999.??.??"]

1. d4 d5 2. Bf4 Nf6 3. Nd2 Nh5 4. Be3 Nd7 5. Ngf3 e6 6. g4 Nhf6 7. g5 Nh5 8.
Bh3 Bd6 9. Bg4 Nf4 10. Rg1 Ng6 11. Nb3 O-O 12. Qd3 Bb4+ 13. c3 Bd6 14. O-O-O c6
15. Rh1 Nf4 16. Qc2 f5 17. gxf6 Nxf6 18. h3 Qd7 19. Ne5 Bxe5 20. dxe5 Ne4 21.
Rhg1 Kh8 22. f3 h5 23. Bxf4 Rxf4 24. Bxh5 Nf2 25. Rdf1 Rh4 26. Qg6 Nxh3 27. Rh1
Nf4 28. Qg5 Rxh5 29. Qxf4 Qe8 30. Qg5 Rxh1 31. Rxh1+ Kg8 32. Rg1 Qf7 33. Rh1
Qe8 34. Qf4 Qd7 35. Nc5 Qe7 36. Nd3 Bd7 37. Rh5 Rf8 38. Qd4 Be8 39. Rh3 Qg5+
40. Kc2 Qg2 41. Nf2 Bg6+ 42. Kb3 a5 43. Qb6 Bb1 44. Rh1 a4+ 45. Kxa4 Bc2+ 46.
Kb4 Rf4+ 47. e4 Qxf3 48. Rh2 Bxe4 49. Qd8+ Rf8 50. Qd6 Bf5 51. Ka3 Ra8+ 52. Kb3
Qf4 53. Qb4 Qxh2 54. Qxb7 Rf8 55. Qb6 Bc2+ 56. Kxc2 Rxf2+ 57. Qxf2 Qxf2+ 58.
Kd3 Qxb2 59. a4 c5 60. c4 dxc4+ 61. Kxc4 Qxe5 62. Kb5 c4+ 63. Kxc4 Qa5 64. Kd3
Qxa4 65. Ke3 Qe4+ 66. Kxe4 Kf7 67. Kf4 Kf6 68. Kg3 Ke5 69. Kg4 Ke4 70. Kh5 e5
71. Kg6 Kf4 72. Kxg7 e4 73. Kf7 e3 74. Ke7 e2 75. Kd6 e1=Q 76. Kc5 Qa5+ 77. Kd4
Qb5 78. Kc3 Ke3 79. Kc2 Qb4 80. Kc1 Kd3 81. Kd1 81... Qb1# {JSBach checkmated}
0-1

[Event "ICS Rated blitz match"]
[Site "204.178.125.65"]
[Date "1999.08.05"]
[Round "?"]
[White "Hossa"]
[Black "Talmoves"]
[Result "0-1"]
[WhiteElo "2397"]
[BlackElo "2646"]
[PlyCount "164"]
[EventDate "1999.??.??"]

1. d4 Nf6 2. c4 e6 3. Nc3 Bb4 4. Bg5 h6 5. Bh4 c5 6. dxc5 Bxc3+ 7. bxc3 Qa5 8.
Bxf6 gxf6 9. Qd2 Nc6 10. e4 Qxc5 11. Rb1 Ne5 12. f4 Nxc4 13. Bxc4 Qxc4 14. Rb4
Qc5 15. Nf3 b6 16. Nd4 Ba6 17. Ra4 Bc4 18. Qf2 Rg8 19. Nf5 exf5 20. Qxc5 bxc5
21. Rxc4 Rxg2 22. exf5 Rb8 23. Re4+ Kf8 24. Kf1 Rbb2 25. h3 Rgf2+ 26. Ke1 Rfc2
27. Kd1 Rg2 28. Kc1 Rxa2 29. Kb1 d5 30. Re3 Rgb2+ 31. Kc1 Rc2+ 32. Kb1 Rab2+
33. Ka1 d4 34. cxd4 Ra2+ 35. Kb1 Rcb2+ 36. Kc1 cxd4 37. Rd3 Rc2+ 38. Kb1 h5 39.
Rxd4 Rcb2+ 40. Kc1 Rf2 41. Kb1 Rab2+ 42. Ka1 a5 43. Rg1 Ra2+ 44. Kb1 Rfb2+ 45.
Kc1 Rh2 46. Kb1 Rad2 47. Rxd2 Rxd2 48. Rc1 Rd5 49. Rc8+ Kg7 50. Rc4 Rxf5 51.
Kc2 Rd5 52. Kc3 Kg6 53. Ra4 Rb5 54. Kc2 Kf5 55. Kd2 Rd5+ 56. Ke3 h4 57. Ra3 Rc5
58. Kf3 Rb5 59. Ke3 a4 60. Rxa4 Rb3+ 61. Ke2 Rxh3 62. Rd4 Rb3 63. Kf2 h3 64.
Rd6 Kg4 65. Rd4 f5 66. Rd2 Rb1 67. Ke3 Re1+ 68. Kd4 Kxf4 69. Kd5 Kg3 70. Rd3+
Kg4 71. Rd2 f4 72. Kd6 f3 73. Kd5 Kg3 74. Rb2 f2 75. Rb3+ Kg2 76. Rb2 h2 77.
Rd2 Kg1 78. Kd4 f1=Q 79. Rc2 Qf4+ 80. Kc3 Re3+ 81. Kb2 Qb4+ 82. Kc1 82... Re1#
{Hossa checkmated} 0-1

[Event "ICS Rated blitz match"]
[Site "204.178.125.65"]
[Date "1999.08.05"]
[Round "?"]
[White "MissSilicon"]
[Black "Hossa"]
[Result "1-0"]
[WhiteElo "2590"]
[BlackElo "2391"]
[PlyCount "116"]
[EventDate "1999.??.??"]

1. e4 c5 2. Nf3 e6 3. d4 cxd4 4. Nxd4 d5 5. exd5 Qxd5 6. Nc3 Bb4 7. Ndb5 Qxd1+
8. Kxd1 Kd7 9. Ne4 a6 10. c3 Be7 11. Nd4 e5 12. Nf5 g6 13. Nxe7 Kxe7 14. b3 f5
15. Ba3+ Kd7 16. Nd2 Nf6 17. Nc4 Ne4 18. Ke1 Kd8 19. Nb6 Ra7 20. f3 Ng5 21.
Rd1+ Kc7 22. Bc5 Be6 23. Na4 b5 24. Bxa7 bxa4 25. h4 Nf7 26. bxa4 Nc6 27. Bc5
a5 28. Rd2 Rd8 29. a3 e4 30. Rxd8 Nfxd8 31. fxe4 fxe4 32. h5 Ne5 33. hxg6 hxg6
34. Be3 Nd3+ 35. Bxd3 exd3 36. Rh7+ Kd6 37. Kd2 Bf5 38. g4 Bxg4 39. Kxd3 Nc6
40. c4 Ke6 41. Rh1 Bf5+ 42. Kc3 Be4 43. Rf1 Bg2 44. Rb1 Nd8 45. c5 Be4 46. Re1
Nc6 47. Bc1 Kf5 48. Rf1+ Ke5 49. Kc4 Ke6 50. Rd1 Ke5 51. Rd6 Kf5 52. Kb5 Ne5
53. c6 g5 54. c7 Bb7 55. Bb2 Ng4 56. Rd8 Ne3 57. Rb8 Ke6 58. Rxb7 58... Kd7 {
Hossa resigns} 1-0

[Event "ICS Rated blitz match"]
[Site "204.178.125.65"]
[Date "1999.08.05"]
[Round "?"]
[White "Beadle"]
[Black "Hossa"]
[Result "1/2-1/2"]
[WhiteElo "2594"]
[BlackElo "2388"]
[PlyCount "96"]
[EventDate "1999.??.??"]

1. d4 d5 2. c4 e6 3. Nc3 Be7 4. cxd5 exd5 5. Bf4 c6 6. e3 Nf6 7. Bd3 Qb6 8. Rb1
Bg4 9. f3 Be6 10. Nge2 Nh5 11. Qc2 Nxf4 12. Nxf4 g6 13. O-O Bg5 14. Nce2 O-O
15. Kh1 Bd7 16. Qd2 Re8 17. b4 Na6 18. b5 cxb5 19. Nxd5 Qe6 20. Be4 Rac8 21.
Rfc1 Qd6 22. Rxc8 Rxc8 23. f4 Bh4 24. g3 Bc6 25. Nec3 b4 26. Nxb4 Nxb4 27. gxh4
Bxe4+ 28. Nxe4 Qc6 29. Qg2 Qc1+ 30. Rxc1 Rxc1+ 31. Qg1 Nxa2 32. Qxc1 Nxc1 33.
Nd6 a5 34. Nxb7 a4 35. d5 a3 36. d6 a2 37. d7 a1=Q 38. d8=Q+ Kg7 39. Qa5 Na2+
40. Kg2 Qb2+ 41. Kg3 Nc1 42. Nd6 Ne2+ 43. Kg4 h5+ 44. Kf3 Ng1+ 45. Kg3 Ne2+ 46.
Kf3 Ng1+ 47. Kg3 Ne2+ 48. Kf3 48... Ng1+ {Game drawn by repetition} 1/2-1/2

[Event "ICS Rated blitz match"]
[Site "204.178.125.65"]
[Date "1999.08.05"]
[Round "?"]
[White "Hossa"]
[Black "Beadle"]
[Result "0-1"]
[WhiteElo "2397"]
[BlackElo "2585"]
[PlyCount "58"]
[EventDate "1999.??.??"]

1. d4 d5 2. c4 e6 3. Nc3 Nf6 4. cxd5 exd5 5. Bg5 Be7 6. e3 Be6 7. Bd3 Nc6 8. a3
O-O 9. Qc2 h6 10. Bxf6 Bxf6 11. Nge2 Be7 12. O-O Kh8 13. Nf4 Bg5 14. Nce2 Bxf4
15. Nxf4 g5 16. Ne2 Qd6 17. Rac1 f5 18. Bb5 Bd7 19. Qa4 f4 20. exf4 gxf4 21.
Qb3 f3 22. gxf3 Rae8 23. Bxc6 Bxc6 24. Rce1 Rxe2 25. Qd3 Bb5 26. Qf5 Rxf5 27.
Kh1 Rh5 28. h3 Rxh3+ 29. Kg2 29... Qg3# {Hossa checkmated} 0-1

[Event "ICS Rated blitz match"]
[Site "204.178.125.65"]
[Date "1999.08.05"]
[Round "?"]
[White "occam"]
[Black "Hossa"]
[Result "1/2-1/2"]
[WhiteElo "2451"]
[BlackElo "2389"]
[PlyCount "143"]
[EventDate "1999.??.??"]

1. e4 c5 2. Nf3 e6 3. Nc3 d5 4. exd5 exd5 5. Bb5+ Nc6 6. O-O Bg4 7. Re1+ Be7 8.
d4 Nf6 9. dxc5 O-O 10. Bxc6 bxc6 11. Na4 Ne4 12. b4 Rb8 13. a3 Bh4 14. Be3 Re8
15. h3 Bh5 16. Nb2 Bf6 17. Bd4 Bxf3 18. gxf3 Nc3 19. Qd2 Ne2+ 20. Rxe2 Rxe2 21.
Qxe2 Bxd4 22. c4 Qh4 23. Kg2 Bxb2 24. Re1 Rf8 25. Qxb2 Qxc4 26. Qe2 Qc3 27. Qe3
Qc2 28. Qe2 Qg6+ 29. Kf1 Qf5 30. Kg2 Qg5+ 31. Kf1 Qf6 32. Qe3 Qf5 33. f4 Qf6
34. Qe5 Qg6 35. Re3 Qc2 36. Qd6 Qa4 37. Kg2 h6 38. Rg3 f6 39. Qe7 Rf7 40. Qe8+
Rf8 41. Qg6 Rf7 42. Re3 Kf8 43. Qh7 Re7 44. Rg3 Ke8 45. Rxg7 Rxg7+ 46. Qxg7 f5
47. Qxh6 Kd8 48. Qf8+ Kc7 49. Qxf5 a5 50. Qf7+ Kb8 51. Qd7 axb4 52. axb4 Qxb4
53. Qxc6 Qd4 54. Kg3 Qc3+ 55. f3 Qg7+ 56. Kh4 Qe7+ 57. Kg4 Qg7+ 58. Kf5 Qf7+
59. Ke5 Qh5+ 60. f5 Qxf3 61. Qd7 Qg3+ 62. Ke6 Qe1+ 63. Kd6 d4 64. Qd8+ Ka7 65.
Qe7+ Qxe7+ 66. Kxe7 d3 67. f6 d2 68. f7 d1=Q 69. f8=Q Qh5 70. Qc8 Qg5+ 71. Ke6
Qf5+ 72. Kxf5 {Hossa stalemated} 1/2-1/2

[Event "ICS rated blitz match"]
[Site "204.178.125.65"]
[Date "1999.08.05"]
[Round "?"]
[White "Hossa"]
[Black "Ugly"]
[Result "1-0"]
[WhiteElo "2392"]
[BlackElo "2334"]
[PlyCount "39"]
[EventDate "1999.??.??"]

1. d4 d5 2. c4 e6 3. Nc3 dxc4 4. Nf3 Nf6 5. e3 Be7 6. Bxc4 O-O 7. e4 Bd7 8. Be3
Nc6 9. O-O Na5 10. Be2 b6 11. Ne5 c5 12. dxc5 bxc5 13. Nxd7 Qc7 14. Nxf8 Bd6
15. Nb5 Bxh2+ 16. Kh1 Qe5 17. f4 Qxb2 18. Kxh2 Kxf8 19. Bxc5+ Kg8 20. Ba3 {
Ugly resigns} 1-0

[Event "ICS rated blitz match"]
[Site "204.178.125.65"]
[Date "1999.08.05"]
[Round "?"]
[White "PostModernist"]
[Black "Hossa"]
[Result "1-0"]
[WhiteElo "2562"]
[BlackElo "2411"]
[PlyCount "96"]
[EventDate "1999.??.??"]

1. Nf3 Nc6 2. d4 d5 3. e3 Nf6 4. Bb5 Bg4 5. Bxc6+ bxc6 6. Qe2 Rb8 7. Qa6 Bxf3
8. Qxc6+ Qd7 9. Qxd7+ Nxd7 10. gxf3 e5 11. dxe5 Nxe5 12. Ke2 Bd6 13. b3 c6 14.
Ba3 Bxa3 15. Nxa3 O-O 16. c4 dxc4 17. f4 Ng6 18. Nxc4 Rfe8 19. Kf3 Rbd8 20.
Rad1 f6 21. Rxd8 Rxd8 22. h4 Kf7 23. h5 Ne7 24. b4 Rd5 25. h6 c5 26. bxc5 Rxc5
27. Nd6+ Kf8 28. Rb1 gxh6 29. Rb8+ Kg7 30. Rb7 Kf8 31. Rxa7 Rc6 32. Nb5 Kf7 33.
a4 h5 34. Nd4 Rc5 35. a5 h6 36. a6 h4 37. Rb7 h3 38. a7 h2 39. Kg2 Rc1 40. Kxh2
Ra1 41. Nf5 Ra2 42. Nxe7 Ke6 43. Kh3 h5 44. Nc8 Kd5 45. Rb8 Kc6 46. Kh4 Kc7 47.
a8=Q Rxa8 48. Rxa8 48... Kc6 {Hossa resigns} 1-0

[Event "ICS rated blitz match"]
[Site "204.178.125.65"]
[Date "1999.08.05"]
[Round "?"]
[White "postalex"]
[Black "Hossa"]
[Result "0-1"]
[WhiteElo "2097"]
[BlackElo "2402"]
[PlyCount "34"]
[EventDate "1999.??.??"]

1. e4 c5 2. Nf3 e6 3. d4 cxd4 4. Nxd4 Nf6 5. Nc3 Bb4 6. Bd3 d5 7. exd5 Nxd5 8.
Nde2 Nxc3 9. bxc3 Bd6 10. O-O O-O 11. Bf4 e5 12. Bg3 Bg4 13. f4 Bc5+ 14. Kh1 e4
15. Bxe4 Qxd1 16. Rfxd1 Bxe2 17. Rd7 17... Nxd7 {postalex resigns} 0-1

[Event "ICS rated blitz match"]
[Site "204.178.125.65"]
[Date "1999.08.05"]
[Round "?"]
[White "Hossa"]
[Black "fito"]
[Result "1/2-1/2"]
[WhiteElo "2407"]
[BlackElo "2312"]
[PlyCount "119"]
[EventDate "1999.??.??"]

1. d4 g6 2. c4 Bg7 3. e4 d6 4. Nc3 Nc6 5. d5 Nd4 6. Be3 c5 7. Nge2 Nxe2 8. Bxe2
Nf6 9. Qa4+ Bd7 10. Qb3 b6 11. O-O O-O 12. Rad1 Qc7 13. Bg5 a6 14. f4 Rab8 15.
f5 Qb7 16. fxg6 hxg6 17. a4 Qc7 18. Rde1 Bc8 19. Bf3 Ng4 20. Ne2 Ne5 21. Qc2 b5
22. axb5 axb5 23. cxb5 Rxb5 24. Nc3 Rb7 25. Be2 Qb8 26. Rb1 Ng4 27. Ba6 Ra7 28.
Bxc8 Qxc8 29. Qe2 Rb7 30. Ra1 Ne5 31. Ra4 Qb8 32. Ra2 Re8 33. Rf2 Rb4 34. Kh1
Qc8 35. Ra7 Rb7 36. Rxb7 Qxb7 37. Kg1 Ra8 38. Qf1 Rf8 39. Kh1 Ng4 40. Rf4 Ne5
41. Qb5 Qxb5 42. Nxb5 f6 43. Bh4 Rb8 44. Nc3 g5 45. Bxg5 fxg5 46. Rf5 Rxb2 47.
h3 Rc2 48. Nd1 Bf6 49. Kh2 Ng6 50. Ne3 Be5+ 51. Rxe5 Nxe5 52. Nxc2 Kg7 53. Kg3
Kg6 54. Ne3 Nd3 55. Kg4 Nf2+ 56. Kf3 Nd3 57. Kg4 Ne5+ 58. Kg3 Nd3 59. Kg4 Ne5+
60. Kg3 {Game drawn by repetition} 1/2-1/2

[Event "ICS rated blitz match"]
[Site "204.178.125.65"]
[Date "1999.08.05"]
[Round "?"]
[White "Hossa"]
[Black "Hume"]
[Result "1-0"]
[WhiteElo "2415"]
[BlackElo "2114"]
[PlyCount "53"]
[EventDate "1999.??.??"]

1. d4 d5 2. c4 e6 3. Nc3 c5 4. cxd5 exd5 5. Nf3 Nc6 6. g3 Nf6 7. Bg2 Be7 8. O-O
O-O 9. Bg5 Be6 10. Bxf6 Bxf6 11. dxc5 Bxc3 12. bxc3 Qa5 13. Qd3 Qxc5 14. Ng5 g6
15. e4 dxe4 16. Nxe4 Qe5 17. f4 Qa5 18. Nf6+ Kg7 19. Bxc6 bxc6 20. Qd4 Kh6 21.
g4 g5 22. Rf3 Qb6 23. Rh3+ Kg6 24. f5+ Bxf5 25. gxf5+ Kxf5 26. Rf1+ Ke6 27.
Re3# {Hume checkmated} 1-0

[Event "ICS rated blitz match"]
[Site "204.178.125.65"]
[Date "1999.08.05"]
[Round "?"]
[White "Hossa"]
[Black "libertad"]
[Result "1-0"]
[WhiteElo "2425"]
[BlackElo "2150"]
[PlyCount "73"]
[EventDate "1999.??.??"]

1. d4 Nf6 2. c4 e6 3. Nc3 Bb4 4. Bg5 h6 5. Bh4 c5 6. d5 Bxc3+ 7. bxc3 e5 8. Nf3
g5 9. Bg3 d6 10. Nd2 Bf5 11. f3 e4 12. Qb1 b6 13. fxe4 Bg6 14. Qb5+ Kf8 15. e5
Nh5 16. exd6 Nxg3 17. hxg3 Qxd6 18. O-O-O Nd7 19. e4 Nf6 20. Qb2 Re8 21. Qa3
Ng4 22. Re1 Qxg3 23. Be2 Nf2 24. Rhf1 Nd3+ 25. Bxd3 Qxd3 26. Rf3 Rxe4 27. Rxe4
Bxe4 28. Rxd3 Bxd3 29. Qxa7 Kg7 30. Qxb6 Re8 31. Qxc5 Re1+ 32. Kb2 Rd1 33. Qd4+
Kg8 34. Qxd3 Rg1 35. d6 Rxg2 36. d7 Rg3 37. d8=Q+ {libertad resigns} 1-0